Normal view
MARC view
Entry Término temático
001 - NÚMERO DE CONTROL
- campo de control: 165013
003 - IDENTIFICADOR DEL NÚMERO DE CONTROL
- campo de control: OSt
005 - FECHA Y HORA DE LA ÚLTIMA TRANSACCIÓN
- campo de control: 20220127160854.0
008 - DATOS DE LONGITUD FIJA
- campo de control de longitud fija: 220127|| aca||aabn | a|a d
040 ## - FUENTE DE LA CATALOGACIÓN
- Centro catalogador/agencia de origen: OSt
- Centro/agencia transcriptor: OSt
150 ## - ENCABEZAMIENTO--TÉRMINO DE MATERIA
- Término de materia o nombre geográfico como elemento de entrada: Sorgo
- Subdivisión general: malas hierbas control
670 ## - FUENTE DE DATOS ENCONTRADOS
- Cita de la fuente: Work cat.: (OSt)199994: De la Rosa Santos, Gildardo 165012, Reconocimiento de malezas tolerantes a herbicidas hormonales en el cultivo de sorgo (Sorghum bicolor L. Moench), en el oriente bajo del estado de Morelos /
